| 000 | 00531nam a2200181Ia 4500 | ||
|---|---|---|---|
| 001 | 20087 | ||
| 005 | 20260306172740.0 | ||
| 008 | 260306t2007||||xx |||||||||||||| ||spa|| | ||
| 041 | _aESP | ||
| 082 |
_a342.211 _bP35 T. 3 V. 3 |
||
| 100 |
_aDorado Porras, Javier [Coord.] _eAUT |
||
| 245 | 0 |
_aHistoria de los derechos fundamentales: _bel derecho positivo de los derechos humanos. Derechos humanos y comunidad industrial |
|
| 260 | _c2007 | ||
| 300 |
_a _c24 cm. |
||
| 650 | _aGEN | ||
| 654 | _aCDE | ||
| 942 |
_cLIB _dJUS _fJUS _2ddc _n |
||
| 999 |
_c20087 _d20087 |
||